| 000 | 00712nam a2200205 i 4500 | ||
|---|---|---|---|
| 001 | 149483 | ||
| 003 | ES-MaACL | ||
| 005 | 20231227145139.0 | ||
| 007 | t| | ||
| 008 | 071023s1939 sp ||||1| spa d | ||
| 100 | 1 |
_aVázquez de Mella y Fanjul, Juan, _d1861-1928 _9113419 |
|
| 245 | 1 | 0 |
_aVázquez de Mella _b: (antología) / _cselección y prólogo de Juan Beneyto Pérez. |
| 260 |
_a[Barcelona : _bs.n.], _c1939 ( _fGráficas Ramón Sopena) |
||
| 300 |
_a217 p. ; _c17 cm. |
||
| 490 | 1 | _aBreviarios del pensamiento español | |
| 700 | 1 |
_aBeneyto Pérez, Juan. _927562 |
|
| 830 | 0 |
_aBreviarios del pensamiento español _9180739 |
|
| 852 |
_aES-MaACL _jA-5024 _bR.17039 |
||
| 999 |
_c149483 _d149483 |
||